[Event "1st FIDE OWCCCC Pools-East 2021"]
[Site "Online"]
[Date "2021.02.20"]
[Round "5.37"]
[White "Dourerassou, Jonathan"]
[Black "Lelekova, Olga"]
[Result "1-0"]
[WhiteElo "2477"]
[BlackElo "2261"]
[Annotator "TA"]
[PlyCount "231"]
[EventDate "2021.02.19"]
[EventType "team-tourn"]
[EventCountry "NET"]
[SourceTitle "playchess.com"]
[Source "ChessBase"]
[SourceQuality "1"]

1. e4 c5 2. Nf3 Nc6 3. Bb5 g6 4. O-O Bg7 5. Re1 Nh6 6. c3 O-O 7. d4 cxd4 8. cxd4 f6 9. d5 Nb8 10. Nc3 Nf7 11. Bf4 a6 12. Bc4 b5 13. Bb3 Bb7 14. Rc1 b4 15. Na4 d6 16. Nd4 Bc8 17. Qd2 a5 18. Be3 Ne5 19. Nc6 Nbxc6 20. dxc6+ Kh8 21. c7 Qe8 22. Nb6 Ra6 23. Ba4 Qf7 24. Bb3 Qe8 25. Qe2 a4 26. Nxc8 Qxc8 27. Be6 Qxe6 28. Qxa6 Rc8 29. Qxa4 Nd3 30. Bb6 Nxe1 31. Rxe1 d5 32. Qxb4 f5 33. exf5 Qxf5 34. Qxe7 Rf8 35. h3 d4 36. Qe2 d3 37. Qd2 Qb5 38. Ba5 Bd4 39. Bc3 Qc5 40. Qe3 Qxc3 41. bxc3 Bxe3 42. Rxe3 Rc8 43. Rxd3 Rxc7 44. Kf1 Kg7 45. Ke2 Kf6 46. a4 Ke5 47. Ke3 Rc4 48. f4+ Ke6 49. Rd4 Rxc3+ 50. Kf2 Ra3 51. Rb4 Kf5 52. g3 Ra2+ 53. Kf1 h5 54. Rd4 Ra3 55. Kf2 Ra2+ 56. Ke3 Ra3+ 57. Rd3 Rxa4 58. Kf3 Ra1 59. g4+ hxg4+ 60. hxg4+ Kf6 61. Rd6+ Kf7 62. Kg3 Rh1 63. Rb6 Kg7 64. Rb7+ Kg8 65. Ra7 Kf8 66. Kf3 Re1 67. Rb7 Kg8 68. Rb4 Kf7 69. Rb7+ Kf8 70. Rb3 Kf7 71. Re3 Rf1+ 72. Ke4 Rg1 73. g5 Ra1 74. Rd3 Ra7 75. Ke5 Ra5+ 76. Rd5 Ra7 77. Rd6 Ra5+ 78. Ke4 Ra4+ 79. Kf3 Ra3+ 80. Kg4 Ra4 81. Rf6+ Kg7 82. Rb6 Rc4 83. Rb7+ Kg8 84. Kf3 Ra4 85. Ke3 Rc4 86. Rd7 Kf8 87. Rd4 Rc3+ 88. Ke4 Rc5 89. Rd5 Rc1 90. Ke5 Ke7 91. Rd4 Rc5+ 92. Ke4 Rc1 93. Kd5 Kf7 94. Ra4 Rd1+ 95. Ke5 Re1+ 96. Re4 Rb1 97. Re2 Rb5+ 98. Ke4 Rb4+ 99. Kf3 Rb3+ 100. Kg4 Rb4 101. Rh2 Kg7 102. Ra2 Rc4 103. Ra7+ Kg8 104. Kf3 Rb4 105. Ke3 Kf8 106. Ra6 Kf7 107. Rf6+ Kg7 108. Rd6 Ra4 109. Rd7+ Kg8 110. Rd4 Ra1 111. Ke4 Ra5 112. Rd5 Ra1 113. Ke5 Re1+ 114. Kf6 Rf1 115. Kxg6 Kf8 116. f5 1-0

[Event "1st FIDE OWCCCC Pools-East 2021"]
[Site "Online"]
[Date "2021.02.20"]
[Round "5.37"]
[White "Rosenberg, Daniel B"]
[Black "Sanz Varea, Jose M."]
[Result "1-0"]
[WhiteElo "2200"]
[BlackElo "1852"]
[Annotator "NA"]
[PlyCount "39"]
[EventDate "2021.02.19"]
[EventType "team-tourn"]
[EventCountry "NET"]
[SourceTitle "playchess.com"]
[Source "ChessBase"]
[SourceQuality "1"]

1. e4 Nf6 2. Nc3 d5 3. exd5 Nxd5 4. Nf3 Bg4 5. Be2 Nf4 6. O-O Nxe2+ 7. Qxe2 c6 8. h3 Bh5 9. Ne4 e6 10. c3 Be7 11. d4 O-O 12. Bf4 Qd5 13. Rfe1 Nd7 14. c4 Qf5 15. Ng3 Qxf4 16. Nxh5 Qc7 17. Ne5 Bb4 18. Qg4 g6 19. Nxd7 Qxd7 20. Nf6+ 1-0

[Event "1st FIDE OWCCCC Pools-East 2021"]
[Site "Online"]
[Date "2021.02.20"]
[Round "5.37"]
[White "Kanarkiewicz, Michal"]
[Black "Neerudu, Raghu"]
[Result "1-0"]
[WhiteElo "2096"]
[BlackElo "1130"]
[Annotator "NA"]
[PlyCount "69"]
[EventDate "2021.02.19"]
[EventType "team-tourn"]
[EventCountry "NET"]
[SourceTitle "playchess.com"]
[Source "ChessBase"]
[SourceQuality "1"]

1. e4 e5 2. Nf3 Nc6 3. Bb5 Nf6 4. d3 Bc5 5. O-O O-O 6. Bxc6 dxc6 7. Nxe5 Bd6 8. Nf3 Re8 9. Bg5 Be5 10. c3 Qd6 11. d4 Nxe4 12. dxe5 Qg6 13. Bf4 f6 14. exf6 Nxf6 15. Nbd2 Rf8 16. Bxc7 Bg4 17. Bg3 Rad8 18. Qb3+ Kh8 19. Qxb7 Nh5 20. Ne5 Qe6 21. Nxg4 Qxg4 22. Nf3 Nxg3 23. hxg3 Rxf3 24. gxf3 Qxf3 25. Qe7 Rf8 26. Rae1 h6 27. Re3 Qf5 28. Qe6 Rf6 29. Qxf5 Rxf5 30. Rd1 Ra5 31. a3 c5 32. Rd7 c4 33. Ree7 Rb5 34. Rb7 Rd5 35. Rxg7 1-0

[Event "1st FIDE OWCCCC Pools-East 2021"]
[Site "Online"]
[Date "2021.02.20"]
[Round "5.37"]
[White "Khrapko, Marharyta"]
[Black "Abdrakhimov, Tlek"]
[Result "1-0"]
[WhiteElo "2049"]
[BlackElo "1142"]
[Annotator "NA"]
[PlyCount "59"]
[EventDate "2021.02.19"]
[EventType "team-tourn"]
[EventCountry "NET"]
[SourceTitle "playchess.com"]
[Source "ChessBase"]
[SourceQuality "1"]

1. e4 c5 2. Nf3 d6 3. c3 Nc6 4. Bd3 Bg4 5. Bc2 b5 6. h3 Bh5 7. d4 cxd4 8. cxd4 Nf6 9. Nc3 a6 10. Be3 e6 11. O-O Be7 12. Rc1 Rc8 13. d5 Ne5 14. g4 Bg6 15. dxe6 Nxf3+ 16. Qxf3 fxe6 17. e5 dxe5 18. Bxg6+ hxg6 19. Rfd1 Bd6 20. g5 Nh5 21. Ne4 Rxc1 22. Bxc1 Ke7 23. Nxd6 Rf8 24. Qb7+ Qd7 25. Nc8+ Kf7 26. Qxd7+ Kg8 27. Qxe6+ Kh7 28. Ne7 Nf4 29. Bxf4 Rxf4 30. Qxg6+ 1-0

[Event "1st FIDE OWCCCC Pools-East 2021"]
[Site "Online"]
[Date "2021.02.20"]
[Round "5.37"]
[White "Shyla Vasu, Anita"]
[Black "Rajaraman V"]
[Result "0-1"]
[WhiteElo "1367"]
[BlackElo "1872"]
[Annotator "NA RC"]
[PlyCount "158"]
[EventDate "2021.02.19"]
[EventType "team-tourn"]
[EventCountry "NET"]
[SourceTitle "playchess.com"]
[Source "ChessBase"]
[SourceQuality "1"]

1. d4 d5 2. c4 e6 3. Nc3 Nf6 4. Nf3 Nbd7 5. e3 c6 6. Bd3 Qa5 7. O-O Bd6 8. Qc2 e5 9. dxe5 Nxe5 10. Nxe5 Bxe5 11. Bd2 dxc4 12. Bxc4 Qc7 13. g3 Bh3 14. Rfe1 O-O 15. Rab1 Rad8 16. Bd3 h6 17. Ne4 Nd5 18. Nc3 Nb4 19. Bh7+ Kh8 20. Qe4 Rxd2 21. Qxb4 Kxh7 22. Nb5 Qd7 23. Qxf8 Qd5 24. e4 Qxb5 25. Qxf7 Bd4 26. Rf1 Qd3 27. Rbe1 Rxb2 28. Qf4 Rxa2 29. Rd1 Qc4 30. e5 c5 31. Qf3 Rd2 32. Qe4+ Kh8 33. Rc1 Bxf2+ 34. Kh1 Rc2 35. Qxc4 Rxc4 36. Rxc4 Bxf1 37. Rf4 Bd4 38. Rxf1 Bxe5 39. Re1 Bd4 40. Re7 b5 41. Rxa7 b4 42. Rb7 Bc3 43. Kg2 Bd2 44. Kf3 c4 45. Ke2 Bc3 46. Kd1 Kh7 47. Kc2 Be1 48. Rb5 Kg6 49. Kd1 Bc3 50. Rc5 b3 51. Rxc4 b2 52. Kc2 Bf6 53. Rf4 Kh5 54. h3 Kg5 55. Rc4 Be5 56. g4 Kh4 57. Rc5 Bf6 58. Rh5+ Kg3 59. Rf5 Kxh3 60. g5 hxg5 61. Rf3+ Kh4 62. Rf2 g4 63. Rg2 g3 64. Kb1 Kh3 65. Rg1 Kh2 66. Re1 g2 67. Re2 Kh1 68. Rf2 g1=Q+ 69. Kc2 Qxf2+ 70. Kb1 Qe1+ 71. Ka2 Qa1+ 72. Kb3 b1=Q+ 73. Kc4 Qc3+ 74. Kd5 Qbd3+ 75. Ke6 Qe5+ 76. Kf7 Qd7+ 77. Kg6 Qg5+ 78. Kh7 Qf7 79. Kh8 Qgh5# 0-1

[Event "1st FIDE OWCCCC Pools-East 2021"]
[Site "Online"]
[Date "2021.02.20"]
[Round "5.38"]
[White "Chidambaranathan, Sundaram"]
[Black "NMT"]
[Result "1-0"]
[WhiteElo "1655"]
[BlackElo "1666"]
[Annotator "NA"]
[PlyCount "51"]
[EventDate "2021.02.19"]
[EventType "team-tourn"]
[EventCountry "NET"]
[SourceTitle "playchess.com"]
[Source "ChessBase"]
[SourceQuality "1"]

1. e4 c5 2. Nf3 Nc6 3. d4 cxd4 4. Nxd4 d6 5. c4 g6 6. Nc3 a6 7. Be3 Bg7 8. Be2 Nf6 9. Qd2 O-O 10. O-O Bg4 11. Nxc6 bxc6 12. f4 Rb8 13. Rad1 Bxe2 14. Qxe2 c5 15. Bxc5 Qc7 16. Bd4 Rfc8 17. b3 Nd7 18. Bxg7 Kxg7 19. Kh1 Nf6 20. e5 dxe5 21. fxe5 Nd7 22. e6 Nf6 23. Nd5 Nxd5 24. Rxf7+ Kh8 25. Rxd5 Rd8 26. Qb2+ 1-0

[Event "1st FIDE OWCCCC Pools-East 2021"]
[Site "Online"]
[Date "2021.02.20"]
[Round "5.38"]
[White "Fernandez, Virgilio"]
[Black "Benyo, Zoltan"]
[Result "1/2-1/2"]
[WhiteElo "1601"]
[BlackElo "1885"]
[Annotator "NA RC"]
[PlyCount "138"]
[EventDate "2021.02.19"]
[EventType "team-tourn"]
[EventCountry "NET"]
[SourceTitle "playchess.com"]
[Source "ChessBase"]
[SourceQuality "1"]

1. e4 d6 2. d4 Nd7 3. Be3 e5 4. Nf3 Be7 5. Nc3 Ngf6 6. d5 c6 7. dxc6 bxc6 8. Bc4 O-O 9. O-O h6 10. Be2 Re8 11. h3 Nf8 12. Nh2 Be6 13. Bg4 Nxg4 14. Nxg4 Ng6 15. f4 exf4 16. Bxf4 Nxf4 17. Rxf4 Qb6+ 18. Kh2 Qxb2 19. Ne2 d5 20. exd5 Bxd5 21. Rd4 h5 22. Ne5 Bf6 23. Nd3 Qb8+ 24. Rf4 g5 25. g3 gxf4 26. Nexf4 Re5 27. Rb1 Qc7 28. Nxh5 Rxh5 29. Qxh5 Be4 30. Qg4+ Bg6 31. Nf4 Qd6 32. Rd1 Qe7 33. Nxg6 fxg6 34. Qxg6+ Bg7 35. Qd3 Rf8 36. Rf1 Rxf1 37. Qxf1 Qd6 38. Qc4+ Kf8 39. Qe2 Be5 40. Qf3+ Ke7 41. Kg2 Qd2+ 42. Qf2 Qd5+ 43. Qf3 Qxf3+ 44. Kxf3 Kf6 45. h4 Kf5 46. g4+ Kf6 47. Ke4 Bg3 48. h5 Kg5 49. Kf3 Be5 50. a3 a5 51. a4 Bc3 52. Kg3 Be5+ 53. Kf3 c5 54. c4 Bd6 55. Ke4 Kxg4 56. h6 Bf8 57. h7 Bg7 58. Kd5 Kg5 59. Kxc5 Kg6 60. h8=Q Bxh8 61. Kb5 Bc3 62. c5 Kf7 63. Kb6 Ke8 64. Kb7 Kd8 65. c6 Be5 66. Kb6 Bc7+ 67. Kb7 Be5 68. Kb6 Bc3 69. Kb7 Be5 1/2-1/2

[Event "1st FIDE OWCCCC Pools-East 2021"]
[Site "Online"]
[Date "2021.02.20"]
[Round "5.38"]
[White "Kouchnarev Roggero, Matteo"]
[Black "Guerlach, Frederic"]
[Result "1-0"]
[WhiteElo "1597"]
[BlackElo "2055"]
[Annotator "NA"]
[PlyCount "85"]
[EventDate "2021.02.19"]
[EventType "team-tourn"]
[EventCountry "NET"]
[SourceTitle "playchess.com"]
[Source "ChessBase"]
[SourceQuality "1"]

1. Nf3 d5 2. b3 Bg4 3. e3 Nd7 4. Bb2 e5 5. Be2 Bd6 6. O-O f5 7. h3 Bh5 8. Ne1 Bxe2 9. Qxe2 Ngf6 10. c4 c6 11. Nc3 a6 12. d4 e4 13. f4 exf3 14. Qxf3 g6 15. cxd5 cxd5 16. Nxd5 Ne4 17. Nf4 Nd2 18. Qd5 Bxf4 19. Rxf4 Qe7 20. e4 Nf6 21. Qe5 Qxe5 22. dxe5 Nfxe4 23. Nf3 O-O-O 24. Nd4 Rhe8 25. Rc1+ Kb8 26. g4 Ng3 27. gxf5 Rxd4 28. Rxd4 Ne2+ 29. Kf2 Nxd4 30. Bxd4 gxf5 31. Ke3 Ne4 32. Rf1 Rf8 33. e6 Nd6 34. Bc5 Kc7 35. Rd1 f4+ 36. Ke2 f3+ 37. Kf1 Re8 38. Bxd6+ Kc6 39. e7 b5 40. Ba3 a5 41. Rd8 b4 42. Rxe8 bxa3 43. Rc8+ 1-0

[Event "1st FIDE OWCCCC Pools-East 2021"]
[Site "Online"]
[Date "2021.02.20"]
[Round "5.38"]
[White "Chaturvedi, Muktansh"]
[Black "Maciaszek, Michal"]
[Result "1-0"]
[WhiteElo "1494"]
[BlackElo "1068"]
[Annotator "NA"]
[PlyCount "75"]
[EventDate "2021.02.19"]
[EventType "team-tourn"]
[EventCountry "NET"]
[SourceTitle "playchess.com"]
[Source "ChessBase"]
[SourceQuality "1"]

1. e4 e5 2. Nf3 Nf6 3. Nxe5 Nxe4 4. Qe2 d6 5. Nf3 Bf5 6. d3 Qe7 7. dxe4 Qxe4 8. Qxe4+ Bxe4 9. Bd3 Bd5 10. Nc3 Bc6 11. Be3 Be7 12. O-O-O O-O 13. Rhg1 Nd7 14. Nd4 a6 15. Nxc6 bxc6 16. Rge1 d5 17. Bf4 Nf6 18. Rxe7 Ng4 19. Bg3 Rae8 20. Rxc7 Re6 21. Bf5 Nxf2 22. Bxf2 Rf6 23. g4 g6 24. Bd4 Rd6 25. Bc5 Rdd8 26. Bxf8 Kxf8 27. Bd3 d4 28. Ne4 f5 29. gxf5 gxf5 30. Nc5 f4 31. Ne6+ Ke8 32. Nxd8 Kxd8 33. Rxh7 Ke8 34. Re1+ Kf8 35. Ree7 Kg8 36. Ra7 Kf8 37. Rhb7 Ke8 38. Rb8# 1-0

[Event "1st FIDE OWCCCC Pools-East 2021"]
[Site "Online"]
[Date "2021.02.20"]
[Round "5.38"]
[White "Yerbolat, Yerzhan"]
[Black "Bohnhoff, Peter"]
[Result "0-1"]
[WhiteElo "1419"]
[BlackElo "2078"]
[Annotator "TA"]
[PlyCount "128"]
[EventDate "2021.02.19"]
[EventType "team-tourn"]
[EventCountry "NET"]
[SourceTitle "playchess.com"]
[Source "ChessBase"]
[SourceQuality "1"]

1. e4 e5 2. Bc4 Nf6 3. Nc3 Nc6 4. f4 d6 5. f5 Be7 6. d3 O-O 7. Be3 Na5 8. Bb3 c6 9. Qd2 d5 10. Nce2 dxe4 11. O-O-O Nxb3+ 12. axb3 exd3 13. Qxd3 Qxd3 14. Rxd3 Bxf5 15. Rd1 Ng4 16. Bd2 Be6 17. Nh3 h6 18. Ng3 f5 19. Rhe1 Bd5 20. Re2 Bf6 21. Nxf5 Rad8 22. Nf2 Nxf2 23. Rxf2 Be4 24. g4 Rd7 25. Ng3 Bg6 26. Rdf1 Kh7 27. Nf5 Bxf5 28. gxf5 Rfd8 29. Be3 b5 30. Bc5 Bg5+ 31. Kb1 Bf4 32. b4 Rd1+ 33. Rxd1 Rxd1+ 34. Ka2 a6 35. Kb3 Kg8 36. Re2 Kf7 37. c3 Kf6 38. Kc2 Rd7 39. Bf2 Kxf5 40. Bc5 g5 41. Bf8 h5 42. h4 g4 43. Bc5 g3 44. Rg2 Kg4 45. Re2 Kf3 46. Re1 g2 47. Bg1 Rd2+ 48. Kb1 Re2 49. Rd1 Be3 50. Rd3 Re1+ 51. Kc2 Rxg1 52. Rd8 Rf1 53. Rf8+ Ke2 54. Rg8 g1=Q 55. Re8 Qg6+ 56. Kb3 Qxe8 57. Ka3 a5 58. c4 axb4+ 59. Kb3 bxc4+ 60. Kxc4 Qe6+ 61. Kxb4 Qd5 62. b3 Qb5+ 63. Kc3 Bd4+ 64. Kc2 Qd3# 0-1

[Event "1st FIDE OWCCCC Pools-East 2021"]
[Site "Online"]
[Date "2021.02.20"]
[Round "5.38"]
[White "Sundaram, Sekar Meenakshi"]
[Black "Shijithlal L V"]
[Result "0-1"]
[WhiteElo "1328"]
[BlackElo "1404"]
[Annotator "NA RC"]
[PlyCount "70"]
[EventDate "2021.02.19"]
[EventType "team-tourn"]
[EventCountry "NET"]
[SourceTitle "playchess.com"]
[Source "ChessBase"]
[SourceQuality "1"]

1. d4 Nf6 2. c4 e6 3. Nf3 Bb4+ 4. Bd2 Qe7 5. Nc3 b6 6. a3 Bxc3 7. Bxc3 Bb7 8. Qc2 Ne4 9. g3 Nxc3 10. Qxc3 c5 11. Bg2 O-O 12. O-O d6 13. e3 Nd7 14. Rad1 Nf6 15. Nd2 Bxg2 16. Kxg2 Qb7+ 17. Kg1 Rac8 18. f3 d5 19. b3 cxd4 20. exd4 Rc7 21. Qd3 dxc4 22. Nxc4 Nd5 23. Rc1 Rd8 24. Ne3 Nxe3 25. Qxe3 Rcd7 26. Rfd1 h6 27. f4 Rd5 28. Qf3 Qe7 29. b4 Rxd4 30. Rxd4 Rxd4 31. Qa8+ Kh7 32. Qc8 Qd7 33. Qc2+ g6 34. h4 Kg7 35. Qc3 Qd5 0-1

[Event "1st FIDE OWCCCC Pools-East 2021"]
[Site "Online"]
[Date "2021.02.20"]
[Round "5.39"]
[White "Heer, Stephan"]
[Black "Sartayev, Timur"]
[Result "0-1"]
[WhiteElo "2063"]
[BlackElo "1662"]
[Annotator "TA"]
[PlyCount "112"]
[EventDate "2021.02.19"]
[EventType "team-tourn"]
[EventCountry "NET"]
[SourceTitle "playchess.com"]
[Source "ChessBase"]
[SourceQuality "1"]

1. Nf3 c5 2. g3 Nc6 3. Bg2 Nf6 4. d3 d5 5. O-O h6 6. Nbd2 e5 7. e4 d4 8. a4 Bd6 9. Nc4 O-O 10. h3 Be6 11. b3 Qd7 12. Kh2 Rfe8 13. Ng1 Bf8 14. f4 Rad8 15. f5 Bxc4 16. bxc4 a5 17. g4 Nh7 18. h4 g5 19. f6 Re6 20. hxg5 hxg5 21. Rf5 Bh6 22. Qf3 Qd6 23. Nh3 Rxf6 24. Bd2 Rxf5 25. gxf5 f6 26. Qh5 Bg7 27. Rh1 Qe7 28. Kg3 Qe8 29. Qe2 Nb4 30. Bf3 Qxa4 31. Rc1 b6 32. Bh5 Nxc2 33. Bxg5 Nxg5 34. Nxg5 fxg5 35. Rxc2 Bf6 36. Bg6 Kg7 37. Rb2 Qc6 38. Qf1 Rh8 39. Qb1 Bd8 40. Rh2 Rxh2 41. Kxh2 Qa4 42. Kg3 Qb4 43. Qd1 Qc3 44. Be8 a4 45. Bxa4 Qb2 46. Be8 Qc3 47. Qe2 Kf6 48. Bh5 b5 49. cxb5 c4 50. Bf3 cxd3 51. Qa2 Qe1+ 52. Kg2 g4 53. Qe6+ Kg5 54. Qg6+ Kf4 55. Qxg4+ Ke3 56. Qg5+ Bxg5 0-1

[Event "1st FIDE OWCCCC Pools-East 2021"]
[Site "Online"]
[Date "2021.02.20"]
[Round "5.39"]
[White "Regalla, Sai Chand"]
[Black "Sumithra, Thevaky U"]
[Result "1-0"]
[WhiteElo "1891"]
[BlackElo "1052"]
[Annotator "NA"]
[PlyCount "87"]
[EventDate "2021.02.19"]
[EventType "team-tourn"]
[EventCountry "NET"]
[SourceTitle "playchess.com"]
[Source "ChessBase"]
[SourceQuality "1"]

1. Nf3 Nc6 2. e4 e5 3. d4 d6 4. d5 Na5 5. Bd2 b6 6. Bxa5 bxa5 7. Nc3 Nf6 8. h3 g6 9. Bb5+ Bd7 10. Qd3 Rb8 11. Qc4 Qc8 12. a4 c5 13. dxc6 Bxc6 14. Qxc6+ Qxc6 15. Bxc6+ Nd7 16. b3 f5 17. exf5 gxf5 18. Nd5 h6 19. Nf6+ Ke7 20. Nxd7 Rc8 21. Nxf8 Rcxf8 22. Bd5 f4 23. O-O-O Rf5 24. Rhe1 Rg5 25. Nxg5 hxg5 26. Rd3 Rc8 27. Re4 Rc5 28. Rc4 Rb5 29. Rc7+ Kd8 30. axb5 Kxc7 31. Rc3+ Kb8 32. Rc6 a6 33. bxa6 Ka7 34. Rxd6 g4 35. hxg4 Kb8 36. g5 Kc7 37. Re6 e4 38. a7 e3 39. fxe3 fxe3 40. Rxe3 Kb6 41. a8=Q Kb5 42. Qc6+ Kb4 43. Re4+ Ka3 44. Qa4# 1-0

[Event "1st FIDE OWCCCC Pools-East 2021"]
[Site "Online"]
[Date "2021.02.20"]
[Round "5.39"]
[White "Afraoui, Solenn"]
[Black "Suchkov, Anton"]
[Result "1-0"]
[WhiteElo "1889"]
[BlackElo "1773"]
[Annotator "NA RC"]
[PlyCount "107"]
[EventDate "2021.02.19"]
[EventType "team-tourn"]
[EventCountry "NET"]
[SourceTitle "playchess.com"]
[Source "ChessBase"]
[SourceQuality "1"]

1. e4 e5 2. Nf3 Nc6 3. Nc3 Bc5 4. g3 Nf6 5. Bg2 O-O 6. d3 d6 7. Bg5 h6 8. Bxf6 Qxf6 9. Nd5 Qd8 10. O-O Ne7 11. Nxe7+ Qxe7 12. c3 Be6 13. d4 exd4 14. cxd4 Bb6 15. Nh4 Qf6 16. d5 Bd7 17. Qd2 Rfe8 18. a4 a5 19. Kh1 g5 20. Nf3 Bg4 21. Ne1 Bd4 22. Rb1 Ra6 23. f4 gxf4 24. Rxf4 Qg7 25. Rxg4 Qxg4 26. Qxd4 f5 27. Bf3 Qh3 28. exf5 Qf1+ 29. Qg1 Qxg1+ 30. Kxg1 Re3 31. Kf2 Rb3 32. Nc2 Rab6 33. Nd4 Rxb2+ 34. Rxb2 Rxb2+ 35. Be2 c5 36. dxc6 bxc6 37. Nxc6 Ra2 38. Nxa5 Rxa4 39. Nc4 d5 40. Ne5 Re4 41. Nd3 d4 42. g4 Rxg4 43. Bxg4 Kf7 44. Kf3 Kf6 45. Ke4 Kg5 46. h3 h5 47. Bxh5 Kxh5 48. Kxd4 Kg5 49. Ke5 Kh6 50. Ke6 Kg7 51. Ke7 Kg8 52. f6 Kh7 53. f7 Kg6 54. f8=Q 1-0

[Event "1st FIDE OWCCCC Pools-East 2021"]
[Site "Online"]
[Date "2021.02.20"]
[Round "5.39"]
[White "papasmerf"]
[Black "Devaki Nandana"]
[Result "1-0"]
[WhiteElo "1800"]
[BlackElo "1159"]
[Annotator "NA RC"]
[PlyCount "65"]
[EventDate "2021.02.19"]
[EventType "team-tourn"]
[EventCountry "NET"]
[SourceTitle "playchess.com"]
[Source "ChessBase"]
[SourceQuality "1"]

1. d4 d5 2. Nf3 Bf5 3. c4 e6 4. Qb3 b6 5. Nc3 Nf6 6. Bg5 dxc4 7. Qxc4 Be7 8. e3 O-O 9. Be2 Nbd7 10. O-O h6 11. Bh4 c5 12. Rfd1 Rc8 13. Qa6 Ra8 14. dxc5 bxc5 15. Bb5 g5 16. Bg3 Qc8 17. Qxc8 Raxc8 18. Bxd7 Nxd7 19. Rxd7 Bf6 20. Be5 Bxe5 21. Nxe5 Rfd8 22. Rad1 f6 23. Rxd8+ Rxd8 24. Rxd8+ Kg7 25. Rd7+ Kf8 26. Ng6+ Bxg6 27. Rxa7 f5 28. a4 Bf7 29. a5 Ke8 30. a6 Bg6 31. Rb7 Kd8 32. a7 Kc8 33. a8=Q# 1-0

[Event "1st FIDE OWCCCC Pools-East 2021"]
[Site "Online"]
[Date "2021.02.20"]
[Round "5.39"]
[White "Srikant Dronavalli"]
[Black "Rushabh, Shah"]
[Result "0-1"]
[WhiteElo "1340"]
[BlackElo "1737"]
[Annotator "NA RC"]
[PlyCount "44"]
[EventDate "2021.02.19"]
[EventType "team-tourn"]
[EventCountry "NET"]
[SourceTitle "playchess.com"]
[Source "ChessBase"]
[SourceQuality "1"]

1. e4 e5 2. Bc4 Nf6 3. d3 Nc6 4. Nf3 d5 5. exd5 Nxd5 6. O-O Bc5 7. Ng5 O-O 8. Qf3 Nf6 9. Nc3 Nd4 10. Qd1 Bg4 11. Nf3 Bxf3 12. gxf3 Nh5 13. Ne4 Bb6 14. c3 Ne6 15. Kh1 Qh4 16. Bxe6 fxe6 17. Bg5 Qh3 18. f4 h6 19. Be7 Rxf4 20. Qe2 Rg4 21. f3 Rxe4 22. Qxe4 Ng3# 0-1

[Event "1st FIDE OWCCCC Pools-East 2021"]
[Site "Online"]
[Date "2021.02.20"]
[Round "5.40"]
[White "Dauletova, Gulmira"]
[Black "Bond, Oliver"]
[Result "1-0"]
[WhiteElo "2285"]
[BlackElo "1476"]
[Annotator "NA"]
[PlyCount "63"]
[EventDate "2021.02.19"]
[EventType "team-tourn"]
[EventCountry "NET"]
[SourceTitle "playchess.com"]
[Source "ChessBase"]
[SourceQuality "1"]

1. e4 c5 2. Nf3 Nc6 3. d4 cxd4 4. Nxd4 Nf6 5. Nc3 a6 6. Nxc6 bxc6 7. e5 Ng8 8. Bc4 e6 9. Bf4 Ne7 10. O-O Ng6 11. Bg3 Bc5 12. Ne4 Be7 13. Nd6+ Bxd6 14. Qxd6 Qe7 15. Qd4 O-O 16. Rad1 Rd8 17. Qb6 Nf8 18. Rd6 h5 19. f4 h4 20. Bf2 Ng6 21. Bc5 Qe8 22. Bb4 Ne7 23. Ba5 Nf5 24. Qxd8 Qxd8 25. Bxd8 Nxd6 26. exd6 f6 27. f5 Kf7 28. Re1 Ke8 29. Ba5 e5 30. Re4 Rb8 31. Rxh4 Rxb2 32. Rh8# 1-0

[Event "1st FIDE OWCCCC Pools-East 2021"]
[Site "Online"]
[Date "2021.02.20"]
[Round "5.40"]
[White "Gil Quilez, Sonia"]
[Black "Dorado Martin, Juan Jose"]
[Result "0-1"]
[WhiteElo "2159"]
[BlackElo "1573"]
[Annotator "TA"]
[PlyCount "84"]
[EventDate "2021.02.19"]
[EventType "team-tourn"]
[EventCountry "NET"]
[SourceTitle "playchess.com"]
[Source "ChessBase"]
[SourceQuality "1"]

1. e4 c5 2. d4 b6 3. d5 Bb7 4. Nc3 Nf6 5. Bd3 g6 6. Nf3 Bg7 7. O-O O-O 8. b3 a6 9. h3 d6 10. a4 Nbd7 11. Be3 Rc8 12. Bc4 Nh5 13. Re1 Bxc3 14. Re2 Bxa1 15. Qxa1 Ng7 16. Bd2 f6 17. g3 Ne5 18. Nxe5 fxe5 19. Bg5 Qd7 20. g4 h5 21. f3 Rxf3 22. gxh5 Rg3+ 23. Rg2 Qxh3 24. Qf1 Rxg2+ 25. Qxg2 Qxg2+ 26. Kxg2 gxh5 27. Kh3 Kf7 28. Kh4 Rh8 29. Be2 e6 30. dxe6+ Kxe6 31. Bc4+ d5 32. Be2 dxe4 33. Kg3 Nf5+ 34. Kf2 h4 35. Bg4 h3 36. Bxh3 Rxh3 37. Kg2 Rg3+ 38. Kf2 Rxg5 39. c3 e3+ 40. Ke2 Rg2+ 41. Ke1 Ng3 42. b4 Rg1# 0-1

[Event "1st FIDE OWCCCC Pools-East 2021"]
[Site "Online"]
[Date "2021.02.20"]
[Round "5.40"]
[White "Tarasov, Sergey Ivan"]
[Black "lsky"]
[Result "0-1"]
[WhiteElo "2104"]
[BlackElo "1673"]
[Annotator "NA"]
[PlyCount "72"]
[EventDate "2021.02.19"]
[EventType "team-tourn"]
[EventCountry "NET"]
[SourceTitle "playchess.com"]
[Source "ChessBase"]
[SourceQuality "1"]

1. e4 c5 2. Nf3 d6 3. d4 cxd4 4. Nxd4 Nf6 5. Nc3 g6 6. Be3 Bg7 7. Bb5+ Bd7 8. O-O O-O 9. Qd3 a6 10. Bxd7 Nbxd7 11. h3 Nc5 12. Qe2 Ncxe4 13. Nxe4 Nxe4 14. c3 Nf6 15. Rad1 Qa5 16. b4 Qc7 17. Rc1 b5 18. f4 Rfc8 19. Qf3 d5 20. f5 Qc4 21. fxg6 hxg6 22. Rf2 e5 23. Nb3 Qe4 24. Nc5 Qxf3 25. Rxf3 Rd8 26. Bg5 Rd6 27. Rcf1 Ne4 28. Nxe4 dxe4 29. Rxf7 Rd3 30. Rc7 e3 31. Kh2 e4 32. Bf4 Bxc3 33. a3 e2 34. Rc1 e1=Q 35. Rxe1 Bxe1 36. Bc1 Bg3+ 0-1

[Event "1st FIDE OWCCCC Pools-East 2021"]
[Site "Online"]
[Date "2021.02.20"]
[Round "5.40"]
[White "Busari, Sangmesh"]
[Black "Doogar, Shilpa"]
[Result "1-0"]
[WhiteElo "1559"]
[BlackElo "914"]
[Annotator "NA RC"]
[PlyCount "43"]
[EventDate "2021.02.19"]
[EventType "team-tourn"]
[EventCountry "NET"]
[SourceTitle "playchess.com"]
[Source "ChessBase"]
[SourceQuality "1"]

1. e4 c6 2. Qf3 e6 3. Bc4 Na6 4. Nh3 Be7 5. O-O Nf6 6. d3 b6 7. e5 Ng8 8. Qg4 f5 9. Qxg7 Bf8 10. Qxh8 Ke7 11. Qxg8 f4 12. Bxf4 b5 13. Bg5+ Ke8 14. Bxd8 Kxd8 15. Qxf8+ Kc7 16. Qd6+ Kb6 17. Bb3 b4 18. c3 Bb7 19. cxb4 Rf8 20. a4 Rf5 21. a5+ Kb5 22. Bc4# 1-0

[Event "1st FIDE OWCCCC Pools-East 2021"]
[Site "Online"]
[Date "2021.02.20"]
[Round "5.40"]
[White "Dananjey Prabu"]
[Black "Ganesan, Raja Sriram"]
[Result "1-0"]
[WhiteElo "1312"]
[BlackElo "1707"]
[Annotator "NA"]
[PlyCount "46"]
[EventDate "2021.02.19"]
[EventType "team-tourn"]
[EventCountry "NET"]
[SourceTitle "playchess.com"]
[Source "ChessBase"]
[SourceQuality "1"]

1. e4 c5 2. c3 Nc6 3. d4 cxd4 4. cxd4 d5 5. exd5 Qxd5 6. Nf3 Bg4 7. Be2 Nf6 8. Nc3 Qd8 9. d5 Nb4 10. Qa4+ Bd7 11. Qxb4 e6 12. d6 Nd5 13. Nxd5 exd5 14. O-O Qf6 15. Qxb7 Rd8 16. Bg5 Qxd6 17. Bxd8 Kxd8 18. Ba6 Qc7 19. Qa8+ Bc8 20. Rac1 Qd7 21. Rxc8+ Ke7 22. Re1+ Kf6 23. Rc6+ Kf5 1-0